000 00565nam a22001817a 4500
005 20161102154509.0
010 _aENG-116397
020 _a9789389395259
_c425.00
035 _aEN-99929
037 _bDBAD/PUB
082 _a954.022
100 _aSharma,Anurag
245 _aShahajahan the rise and fall of Mugal Emperor /
_cby Anurag Sharma
260 _c2015
_aAllahbad
_bSampark Prakashan
270 _a5/7 Upendra Nath Ashk Marg (old Khusrobagh Road)
_bAllahbad
_e211001
300 _c21cm(Hb)
_av,152p.
942 _cEN
_2ddc
_h954.022
_mSHA
999 _c104413
_d104413